00267nam a2200109Ia 4500008004100000100001800041245004200059260001100101300002000112440001600132521000900148140626s9999 xx 000 0 und d aAndors, Alice aDoes Parity Pay Off? /cAlice Andors. cc2012. a57 : 9, page 45 aHR Magazine aBSBA